|
|
|
|
| LEADER |
00000naa2a2200000 4500 |
| 001 |
621423 |
| 005 |
20240218142125.0 |
| 035 |
|
|
|a (RuTPU)RU\TPU\conf\20018
|
| 035 |
|
|
|a RU\TPU\conf\20017
|
| 090 |
|
|
|a 621423
|
| 100 |
|
|
|a 20161221d2016 k y0engy50 ba
|
| 101 |
0 |
|
|a eng
|
| 102 |
|
|
|a RU
|
| 105 |
|
|
|a y z 101zy
|
| 135 |
|
|
|a drgn ---uucaa
|
| 181 |
|
0 |
|a i
|
| 182 |
|
0 |
|a b
|
| 200 |
1 |
|
|a PiC code karat simulations of coherent THz Smith-Purcell radiation from diffraction gratings of various profiles
|f K. Artyomov [et al.]
|
| 203 |
|
|
|a Текст
|c электронный
|
| 300 |
|
|
|a Title screen
|
| 463 |
|
0 |
|0 (RuTPU)RU\TPU\conf\19513
|t Energy Fluxes and Radiation Effects (EFRE-2016)
|o International Congress, October 2–7, 2016, Tomsk, Russia
|o abstracts
|f National Research Tomsk Polytechnic University (TPU) ; eds. B. M. Kovalchuk [et al.]
|v [P. 402]
|d 2016
|
| 610 |
1 |
|
|a труды учёных ТПУ
|
| 610 |
1 |
|
|a электронный ресурс
|
| 610 |
1 |
|
|a дифракционные решетки
|
| 610 |
1 |
|
|a излучение Смита-Парселла
|
| 610 |
1 |
|
|a coherent THz radiation
|
| 610 |
1 |
|
|a Smith-Purcell radiation
|
| 610 |
1 |
|
|a PiC simulation
|
| 701 |
|
1 |
|a Artyomov
|b K.
|g Konstantin
|
| 701 |
|
1 |
|a Ryzhov
|b V.
|g Victor
|
| 701 |
|
1 |
|a Sukhikh
|b L. G.
|c physicist
|c Professor of Tomsk Polytechnic University, Doctor of Sciences
|f 1984-
|g Leonid Grigorievich
|3 (RuTPU)RU\TPU\pers\31554
|9 15714
|
| 701 |
|
1 |
|a Potylitsyn
|b A. P.
|c Russian physicist
|c Professor of the TPU
|f 1945-
|g Alexander Petrovich
|3 (RuTPU)RU\TPU\pers\26306
|9 12068
|
| 712 |
0 |
2 |
|a Национальный исследовательский Томский политехнический университет (ТПУ)
|b Физико-технический институт (ФТИ)
|b Кафедра прикладной физики (№ 12) (ПФ)
|3 (RuTPU)RU\TPU\col\18729
|
| 801 |
|
2 |
|a RU
|b 63413507
|c 20161230
|g RCR
|
| 856 |
4 |
|
|u http://earchive.tpu.ru/handle/11683/35881
|
| 942 |
|
|
|c BK
|